000 00737nam a22002057a 4500
999 _c1437
_d1437
003 AR-CdUCM
008 190227b ||||| |||| 00| 0 spa d
040 _aMUNICIPALIDAD PROVINCIAL DEL CUSCO
_cBIBLIOTECA MUNICIPAL DEL CUSCO
082 _a751.45 /
_bJ89
110 _aJunta de Castilla y León
_95442
245 _aMachicado :
_bEl Descubrimiento de América, Costa, Sierra y Selva del Perú /
260 _aCusco :
_bConsejería de Cultura Y Turismo,
300 _a7 paginas ;
_b3 Fotografías.
_c20 cm
505 _aHistoria -- Obras pictóricas -- Patrimonio artístico.
650 _aAmerica
_91348
650 _aFiestas folkloricas
_95443
650 _aPinturas al oleo
_95444
942 _2ddc
_cLIBROS
945 _awnts
_d2019-02-27